• 首页
  • 本馆介绍
  • 公告通知
  • 最新文献
  • 馆藏检索
  • 电子资源
  • 读者导购
  • 参考咨询
  • 我的图书馆
  • 登录
  • 详细信息显示
  • 放入我的书架
  • 预约/预借图书
  • 作者相关作品
  • 分类相关作品
  • 丛书相关作品
  • 出版社相关作品

书目信息

  • 表格格式
  • 工作单格式
  • 卡片格式
题名:
台球技巧与战术
    
 
作者: 吕佩 编著
分册:  
出版信息: 北京   金盾出版社  2000
页数: 259页
开本: 19cm
丛书名:
单 册:
中图分类: G893
科图分类:
主题词: 文娱性体育活动 , 台球--基本知识
电子资源:
ISBN: 7-5082-0988-5
000 00578nam0 2200205 45
001 0311070098
005 20031219104121.1
010    @a7-5082-0988-5@dCNY10.00
100    @a20031107d2000 km y0chiy0120 ea
101 0  @achi
105    @aa z 000yy
200 1  @a台球技巧与战术@ATai Qiu Ji Qiao Yu Zhan Shu@f吕佩编著@FLu Pei Bian Zhu
210    @a北京@c金盾出版社@d2000
215    @a259页@c插图@d19cm
606 0  @a文娱性体育活动
606 0  @a台球@x基本知识
690    @aG893@v4
701  0 @a吕佩@4编著
801    @aCN@bTSTC@c20031107
905    @a213230@b327706-709@dG893@e170@f4
    
    台球技巧与战术/吕佩编著.-北京:金盾出版社,2000
    259页:插图;19cm
    
    
    ISBN 7-5082-0988-5:CNY10.00
    
●
相关链接 在E读中查询图书 在五车中查询图书 在当当中查询图书 在豆瓣中查询图书


正题名:台球技巧与战术     索取号:G893/170         预约/预借

序号 登录号 条形码 馆藏地/架位号 状态 备注
1 0327706   203277060   第四借阅区/ [索取号:G893/170] 在馆    
2 0327707   203277079   第四借阅区/ [索取号:G893/170] 在馆    
3 0327708   203277088   第四借阅区/ [索取号:G893/170] 在馆    
4 0327709   203277097   第一样本阅览室/ [索取号:G893/170] 在馆    
唐山师范学院图书馆 欢迎您!
大连网信软件有限公司© 版权所有